000 00484 a2200169 4500
001 127545
040 _cEscola Canadense de Niteroi
100 _aReading A-Z
245 1 0 _aRunning Records: Sally's Bath
490 0 _aReading a-z
520 _aA child's dog runs away from its bath (Running Records Level: G)
650 4 _aTeacher's Research
650 4 _aEducation and Teaching
650 4 _aEducation, Bilingual
650 4 _aEducational tests and measurements
942 _cBK
999 _c127545
_d127545